| 000 | 00452 a2200157 4500 | ||
|---|---|---|---|
| 999 |
_c1588 _d1588 |
||
| 020 | _a9788174733870 | ||
| 050 | _aHF5686. MUS 2011 | ||
| 100 | _aMustafa, A. | ||
| 245 |
_aFinancial and management accounting / _cA. Mustafa. |
||
| 264 |
_aNew Delhi : _bAitbs Pub., _c♭2011. |
||
| 300 | _a683 pages : illustrations ; 25 cm | ||
| 500 | _alncludes index | ||
| 650 | _a Accounting. | ||
| 650 | _a Managerial accounting. | ||
| 942 |
_2lcc _cBK _h5686 _iMUS _kHF |
||